Organická chemie
Saved in:
| Main Authors: | , |
|---|---|
| Other Authors: | , , , |
| Format: | Book |
| Language: | Czech English |
| Published: |
Praha
Československá akademie věd
1969
|
| Edition: | 1. vyd. |
| Subjects: | |
| Online Access: | View in OPAC |
| Tags: |
No Tags, Be the first to tag this record!
|
MARC
| LEADER | 00000nam a2200000 a 4500 | ||
|---|---|---|---|
| 005 | 20260127134327.0 | ||
| 008 | 970219s1969 xr da 0 100 cze c | ||
| 035 | |a vtls001276720 | ||
| 035 | |a SNK000227972 | ||
| 039 | 9 | |a 201605131157 |b AUTHORITY |c 201605131142 |d AUTHORITY |c 200811100858 |d mspk03 |y 200412271258 |z VLOAD | |
| 040 | |a SNK |b slo |c SNK |e AACR2 | ||
| 041 | 1 | |a cze |h eng | |
| 044 | |a xr |c CZ | ||
| 080 | |a 547 |2 2001 | ||
| 100 | 1 | |a Cram, Donald J. | |
| 245 | 1 | |a Organická chemie |c Donald J. Cram, Georges S. Hammond ; přeložili Jiří Křepinský, Miroslav Romaňuk, Milan Souček, Miloš Suchý ; vazba Miroslav Vystrčil | |
| 250 | |a 1. vyd. | ||
| 260 | |a Praha |b Československá akademie věd |c 1969 |e Praha |f Státní tiskárna | ||
| 300 | |a 889, [1] s. |b Grafy. Ilustr. Sch. Tab. |c 24 cm | ||
| 504 | |a Bibliogr. odkazy. Reg. | ||
| 506 | |a 6000 výtl. | ||
| 650 | 0 | 7 | |a organická chémia |2 SNKPH |
| 700 | 1 | |a Hammond, George S. |q (George Simms), |d 1921-2005 |4 aut |9 20 | |
| 700 | 1 | |a Křepinský, Jiří |4 trl |9 973 | |
| 700 | 1 | |a Romaňuk, Miroslav |4 trl | |
| 700 | 1 | |a Souček, Milan, |d 1930- |4 trl |9 974 | |
| 700 | 1 | |a Suchý, Miloš |4 trl | |
| 700 | 1 | |a Vystrčil, Miroslav |4 bdd | |
| 910 | |a spk | ||
| 999 | |c 9907 |d 9907 | ||